000 00562nam a2200229Ia 4500
003 OSt
005 20230612135450.0
008 210423s2016 xx 000 0 und d
020 _a978-0-19-807263-8
040 _cAL
041 _aeng
082 _a658.421
_223
_bROYE
100 _aROY (Rajeev)
_976246
245 _aEntrepreneurship Ed 2
250 _a2
260 _aNew Delhi
_bOxford University Press
_c2016
300 _axvi,571
_bPB
365 _b545
_cINR
650 _aEntrepreneurship
_976247
906 _aEntrepreneurship
942 _2ddc
_cBK
999 _c168676
_d168676